000
00243nam a2200109Ia 4500
005
20251222144703.0
008
251222s9999||||xx |||||||||||||| ||spa||
082
_a
700/C76
245
0
_a
Madrid:
264
_b
Comunidad de Madrid
942
_c
LIB
999
_c
17535
_d
17535